Statystyki dla Państwa najczęściej odwiedzane przez Finów

Kliknij tutaj aby rozwiązać quiz!

Ogólne statystyki

  • Ten quiz został rozwiązany 720 razy
  • Średni wynik to 8 z 10

Statystyki odpowiedzi

wycieczkiKraj% Poprawnych
607,000Szwecja
98%
189,000Norwegia
97%
238,000Rosja
97%
326,000Niemcy
94%
648,000Hiszpania
86%
1,529,000Estonia
84%
230,000Włochy
81%
200,000Wielka Brytania
80%
237,000Grecja
68%
214,000Turcja
55%

Rozkład punktacji

Percentyl według liczby udzielonych odpowiedzi

Procent ludzi z każdym wynikiem

Twoja historia wyników

Nie rozwiązałeś tego quizu